UM Logo

In-class attention, spatial ability, and mathematics anxiety predict across-grade gains in adolescents ' mathematics achievement / (Record no. 20645)

MARC details
000 -LEADER
fixed length control field 00962nam a22002417a 4500
003 - CONTROL NUMBER IDENTIFIER
control field OSt
005 - DATE AND TIME OF LATEST TRANSACTION
control field 20241004143329.0
008 - FIXED-LENGTH DATA ELEMENTS--GENERAL INFORMATION
fixed length control field 240819b ||||| |||| 00| 0 eng d
040 ## - CATALOGING SOURCE
Transcribing agency 0
082 ## - DEWEY DECIMAL CLASSIFICATION NUMBER
Classification number DPer 370.15 J826 April - May 2021 v113no. 3-4
100 ## - MAIN ENTRY--PERSONAL NAME
Personal name Geary, David C.
Relator term author.
9 (RLIN) 58287
245 ## - TITLE STATEMENT
Title In-class attention, spatial ability, and mathematics anxiety predict across-grade gains in adolescents ' mathematics achievement /
Statement of responsibility, etc. David C. Geary, Mary K. Hoard, Lara Nugent, and John E. Scofield.
260 ## - PUBLICATION, DISTRIBUTION, ETC. (IMPRINT)
Place of publication, distribution, etc. Washington;
Name of publisher, distributor, etc. American Psychological Association,
Date of publication, distribution, etc. May 2021.
300 ## - PHYSICAL DESCRIPTION
Extent volume 113, pages 754-769,
Other physical details illustration.
650 #0 - SUBJECT ADDED ENTRY--TOPICAL TERM
Topical term or geographic name as entry element Psychology.
9 (RLIN) 1184
650 #0 - SUBJECT ADDED ENTRY--TOPICAL TERM
Topical term or geographic name as entry element Academic achievement.
9 (RLIN) 47944
650 #0 - SUBJECT ADDED ENTRY--TOPICAL TERM
Topical term or geographic name as entry element Memory.
9 (RLIN) 40622
700 ## - ADDED ENTRY--PERSONAL NAME
Personal name Geary, David C.
Relator term author.
9 (RLIN) 58287
700 ## - ADDED ENTRY--PERSONAL NAME
Personal name Hoard, Mary K.
Relator term author.
9 (RLIN) 58288
700 ## - ADDED ENTRY--PERSONAL NAME
Personal name Nugent, Lara.
Relator term author.
9 (RLIN) 58289
700 ## - ADDED ENTRY--PERSONAL NAME
Personal name Scofield , John E.
Relator term author.
9 (RLIN) 58290
942 ## - ADDED ENTRY ELEMENTS (KOHA)
Source of classification or shelving scheme Dewey Decimal Classification
Koha item type Periodicals
Holdings
Withdrawn status Lost status Source of classification or shelving scheme Damaged status Not for loan Collection code Home library Current library Date acquired Total Checkouts Full call number Date last seen Price effective from Koha item type Public note
    Dewey Decimal Classification     Periodicals UM Digos College - LIC UM Digos College - LIC 08/19/2024   DPer 370.15 J826 April - May 2021 v113no. 3-4 08/19/2024 08/19/2024 Periodicals Periodical Article